Normal view
MARC view
Entry Personal Name
001 - CONTROL NUMBER
- control field: 49196
003 - CONTROL NUMBER IDENTIFIER
- control field: ARRUPE
005 - DATE AND TIME OF LATEST TRANSACTION
- control field: 20200130110951.0
008 - FIXED-LENGTH DATA ELEMENTS
- fixed length control field: 200130|| aca||aabn | a|a d
040 ## - CATALOGING SOURCE
- Original cataloging agency: ARRUPE
- Transcribing agency: ARRUPE
100 ## - HEADING--PERSONAL NAME
- Personal name: Miller, Alex (tr.)
670 ## - SOURCE DATA FOUND
- Source citation: Work cat.: (ARRUPE): Vasnetsov, Yuri 49193, Yuri Vasnetsov, 1984